El teatro de las histéricas : y de cómo Charcot descubrió, entre otras cosas, que también había histéricos /
Esta obra estudia la aventura de un grupo de hombres que revolucionaron la psiquiatría, dando lugar al nacimiento del psicoanálisis y la neurología y a la evolución de la psicología médica, siendo Charcot una figura central, al devolver la dignidad a las histéricas y a los neuróticos.
Gespeichert in:
| 1. Verfasser: | |
|---|---|
| Format: | Buch |
| Sprache: | Spanisch |
| Veröffentlicht: |
México :
Fondo de Cultura Económica : Secretaría de Educación Pública : CONACYT,
2015, c2015
|
| Ausgabe: | 3a edición |
| Schriftenreihe: | (La Ciencia para Todos ;
162) |
| Schlagworte: | |
| Tags: |
Keine Tags, Fügen Sie das erste Tag hinzu!
|
MARC
| LEADER | 00000nam^a2200000^a^4500 | ||
|---|---|---|---|
| 001 | 000389395 | ||
| 005 | 20250704092051.0 | ||
| 009 | 20260310121119.584 | ||
| 020 | |a 978-607-16-2572-4 | ||
| 037 | |a Acervo ITESO - Biblioteca | ||
| 041 | |a ESP | ||
| 082 | |a 500. |b CIE S. 2 V. 162 | ||
| 100 | |a Pérez-Rincón, Héctor |e (autor) | ||
| 240 | 1 | 4 | |a [El teatro de las histéricas] |
| 245 | 1 | 3 | |a El teatro de las histéricas : |b y de cómo Charcot descubrió, entre otras cosas, que también había histéricos / |c H. Pérez-Rincón. |
| 250 | |a 3a edición | ||
| 264 | 4 | |a México : |b Fondo de Cultura Económica : |b Secretaría de Educación Pública : |b CONACYT, |c 2015, c2015 | |
| 300 | |a 157 p. | ||
| 336 | |a texto |b txt |2 rdacontenido | ||
| 337 | |a sin mediación |b n |2 rdamedio | ||
| 338 | |a volumen |b nc |2 rdasoporte | ||
| 440 | 3 | |a (La Ciencia para Todos ; |v 162) | |
| 520 | |a Esta obra estudia la aventura de un grupo de hombres que revolucionaron la psiquiatría, dando lugar al nacimiento del psicoanálisis y la neurología y a la evolución de la psicología médica, siendo Charcot una figura central, al devolver la dignidad a las histéricas y a los neuróticos. | ||
| 649 | |a XX | ||
| 650 | |a Histeria Conversiva | ||
| 650 | |a Histeria Disociativa | ||
| 650 | |a Psicopatología | ||
| 650 | |a Histeria - |x Tema Principal | ||
| 650 | |a Neurosis | ||
| 650 | |a Neurología - |x Historia | ||
| 650 | |a Neurología - |x Tema Principal | ||
| 650 | |a Psiquiatría - |x Historia | ||
| 650 | |a Psicología Clínica - |x Historia - |x Tema Principal | ||
| 650 | |a Psicología Médica - |x Historia | ||
| 650 | |a Psicoanálisis - |x Historia | ||
| 650 | |a Medicina - |x Historia | ||
| 650 | |a Ciencias Médicas | ||
| 650 | |a Ciencia - |x Difusión | ||
| 910 | |a Fondo General | ||
| 920 | |a Impresos - Libros | ||
| 930 | |a Colección General | ||
| 905 | |a 101 | ||
| 901 | |a 0500283973 |b IT1 |c ACC |i C153975 |u 20250521 | ||
| 902 | |a https://opac.biblio.iteso.mx/vufind/Record/000389395 | ||